Music Quiz

Random Music or Rock Quiz

Top 40 AOR Albums Quiz Stats

 Plays Quiz not verified by Sporcle

Challenge
Share
Tweet
Embed
Score 0/58 Timer 10:00
0 Plays Today
Album Band % Correct
EscapeJourney
88.7%
Raised On RadioJourney
88.7%
FrontiersJourney
88.7%
Slippery When WetBon Jovi
87.9%
[Self-Titled] (BJ)Bon Jovi
87.9%
HysteriaDef Leppard
86.1%
The Final CountdownEurope
84%
[Self-Titled] (H)Heart
81.8%
Bad AnimalsHeart
81.8%
Dreamboat AnnieHeart
81.8%
4Foreigner
81%
The Grand IllusionStyx
78.4%
Pieces Of EightStyx
77.9%
RecklessBryan Adams
59.7%
[Band Name] IV (T)Toto
59.3%
IsolationToto
59.3%
AlphaAsia
58%
Dawn PatrolNight Ranger
57.1%
Seven WishesNight Ranger
57.1%
Midnight MadnessNight Ranger
57.1%
[Self-Titled] (B)Boston
49.8%
Vital SignsSurvivor
48.1%
When Seconds CountSurvivor
48.1%
PrideWhite Lion
45.5%
Under Lock and KeyDokken
43.7%
Everybody's CrazyMichael Bolton
39.8%
[Self-Titled] (MB)Michael Bolton
39.8%
The HungerMichael Bolton
39.8%
Welcome To the Real WorldMr. Mister
30.7%
Album Band % Correct
Silk and SteelGiuffria
25.5%
[Self-Titled] (G)Giuffria
25.5%
IndiscreetFM
22.5%
Night Of the CrimeIcon
22.1%
Subject... [Artist] (AN)Aldo Nova
21.6%
SinfulAngel
21.2%
[Self-Titled] (WS)White Sister
20.8%
Fashion By PassionWhite Sister
20.8%
[Self-Titled] (H/T)Hughes/Thrall
20.8%
On A Storyteller's NightMagnum
20.8%
Native SonsStrangeways
19.9%
FireworksBonfire
19.9%
Freight Train HeartJimmy Barnes
19.5%
[Self-Titled] (OC)Only Child
19%
HeartbreakPaul Sabu
18.6%
A Diamond Is A Hard RockLegs Diamond
18.6%
The Big PrizeHoneymoon Suite
18.2%
Shaft Of LightAirrace
18.2%
Crimes In MindStreets
17.7%
Excess All AreasShy
17.7%
In For the CountBalance
16.9%
A Matter Of AttitudeFate
15.6%
Wired UpJeff Paris
15.2%
So Fired UpLe Roux
13.4%
IgnitionJohn Waite
13%
FrictionConey Hatch
12.6%
[Self-Titled] (S)Spys
11.3%
[Self-Titled] (T)Touch
10%
[Self-Titled] (A)Aviator
9.5%

You're not logged in!

Compare scores with friends on all Sporcle quizzes.
OR
Log In

You Might Also Like...

Show Comments

Extras

Top Quizzes Today


Score Distribution

Your Account Isn't Verified!

In order to create a playlist on Sporcle, you need to verify the email address you used during registration. Go to your Sporcle Settings to finish the process.

Report this User

Report this user for behavior that violates our Community Guidelines.

Details: